00229nam a2200085Ia 4500001000800000005001700008008004100025245005600066260002100122113849020250827005245.0250824s9999 xx 000 0 und d 0aSENİ YORAN HER ŞEYİ BIRAKcÖZLEM ESMERGÜL bDESTEK YAYINLARI